Art in theory, 1900-1990 : an anthology of changing ideas
Αποθηκεύτηκε σε:
| Άλλοι συγγραφείς: | , |
|---|---|
| Μορφή: | Βιβλίο |
| Γλώσσα: | English |
| Δημοσίευση: |
Oxford :
Blackwell,
c1992.
|
| Θέματα: | |
| Ετικέτες: |
Προσθήκη ετικέτας
Δεν υπάρχουν, Καταχωρήστε ετικέτα πρώτοι!
|
MARC
| LEADER | 00000cam a2200000 i 4500 | ||
|---|---|---|---|
| 001 | 1/15975 | ||
| 008 | 010122s1992 enk| ||| |||| ||eng|| | ||
| 020 | |a 0631165754 | ||
| 035 | |l 10065610 | ||
| 040 | |a GR-MyUa |b gre |e AACR2 | ||
| 041 | 0 | |a eng | |
| 082 | 7 | |a 709.04 |2 (21) | |
| 245 | 0 | 0 | |a Art in theory, 1900-1990 : |b an anthology of changing ideas / |c edited by Charles Harrison and Paul Wood. |
| 260 | |a Oxford : |b Blackwell, |c c1992. | ||
| 300 | |a xxv, 1189 σ. ; |c 23 εκ. | ||
| 504 | |a Περιλαμβάνει βιβλιογραφίες και ευρετήρια. | ||
| 650 | 0 | |a Art, Modern |y 20th century |x Philosophy. | |
| 700 | 1 | |a Harrison, Charles, |d 1942-2009, |e edt | |
| 700 | 1 | |a Wood, Paul, |e edt | |
| 852 | |a INST |b SYROS |e 20010122 |h 709.04 ART |p 005500001652 |q 005500001652 |t BK |y 0 | ||
| 901 | |a BIBL5-2001-1 | ||
| 922 | |a 5ΕΛΗ |b 200012 |c Γραφικών |d Μιχαλόπουλος | ||
| 950 | |a 183-2000-12-09 | ||
| 970 | |a Κοντού |b Παρασκευή |z 01/02/2001 | ||